000 00497nam a2200181Ia 4500
001 9377
005 20260306161714.0
008 260306t2018||||xx |||||||||||||| ||spa||
041 _aESP
082 _a378.17
_bE372
100 _aEscribano González, Alicia
_eAUT
245 0 _aEl aprendizaje basado en problemas (ABP):
_buna propuesta metodológica en educación superior
260 _c2018
300 _a184 páginas :
_c23 cm.
650 _aGEN
654 _aCED
942 _cLIB
_dJUS
_fJUS
_2ddc
_n
999 _c9377
_d9377